000 01129nam a2200301Ia 4500
003 OSt
005 20221005110547.0
006 a|||||r|||| 00| 0
007 ta
008 221004b |||||||| |||| 00| 0 hin d
020 _a9789326350549 (pbk)
_cINR 250.00
024 _a37003
037 _bBW/1687, 15/03/2018, Bookwell
_cTextual
040 _aCRL
_cCRL
_bhin
041 _2hin
_ahin
082 _aO152,3N47,IN, Q6
100 _aकासलीवाल, प्रेम, ले.
245 0 _aइन्द्रियजाल
246 _aIndriyajāla
250 _aसंस्करण 2
260 _aनई दिल्ली
_bभारतीय ज्ञानपीठ भारत
_c2016
300 _a272पृ0
_ccm.
490 _aलोकोदय ग्रन्थमाला; ग्रन्थांक 992
650 _a हिन्दी साहित्य
650 _aहिन्दी कहानी
942 _hO152,3N47,IN, Q6
_cTEXL
_2cc
999 _c1019204
_d1019204